[Event "Bialystok Zamenhof Memorial-B 36th"]
[Site "Bialystok"]
[Date "2017.12.31"]
[Round "9"]
[White "Praczukowski, Stanislaw"]
[Black "Mammadov, Vafa"]
[Result "1-0"]
[WhiteElo "2121"]
[BlackElo "2009"]
[PlyCount "95"]
[EventDate "2017.12.27"]
[EventType "swiss"]
[EventRounds "9"]
[EventCountry "POL"]
[SourceTitle "CBM 182 Extra"]
[Source "ChessBase"]
[SourceDate "2018.02.23"]
[SourceVersion "1"]
[SourceVersionDate "2018.02.23"]
[SourceQuality "1"]

1. c4 Nf6 2. g3 e5 3. Bg2 d5 4. cxd5 Nxd5 5. Nf3 Nc6 6. 0-0 Be7 7. d4 exd4 8. Nxd4 Nxd4 9. Qxd4 Nf6 10. Qa4+ c6 11. Rd1 Qb6 12. Be3 Qc7 13. Bf4 Qb6 14. Be3 Qc7 15. Bf4 Qb6 16. Nd2 0-0 17. Nc4 Qb4 18. Qxb4 Bxb4 19. a3 Bc5 20. b4 Bb6 21. a4 Ne8 22. Nxb6 axb6 23. Be3 Be6 24. Bxb6 Nf6 25. a5 Bc4 26. e3 Rfe8 27. Rac1 Bb5 28. Rd4 Rac8 29. e4 Ba6 30. h3 Re7 31. Rcd1 g5 32. Rd8+ Rxd8 33. Bxd8 Rd7 34. Rxd7 Nxd7 35. Bxg5 c5 36. Bd2 cxb4 37. Bxb4 b6 38. axb6 Nxb6 39. f4 Bd3 40. Kf2 Nd7 41. Ke3 Bb1 42. Bf1 Nf6 43. Bg2 Ba2 44. g4 Bb3 45. Bf3 Ba2 46. Bc3 Nd7 47. Bd4 Bb3 48. f5 1-0

[Event "Bialystok Zamenhof Memorial-B 36th"]
[Site "Bialystok"]
[Date "2017.12.29"]
[Round "6"]
[White "Mammadov, Vafa"]
[Black "Borawski, Jakub"]
[Result "1/2-1/2"]
[WhiteElo "2009"]
[BlackElo "2161"]
[PlyCount "58"]
[EventDate "2017.12.27"]
[EventType "swiss"]
[EventRounds "9"]
[EventCountry "POL"]
[SourceTitle "CBM 182 Extra"]
[Source "ChessBase"]
[SourceDate "2018.02.23"]
[SourceVersion "1"]
[SourceVersionDate "2018.02.23"]
[SourceQuality "1"]

1. c4 e5 2. Nc3 Nc6 3. e3 d6 4. d4 g6 5. Nf3 Bg7 6. dxe5 Nxe5 7. Be2 Ne7 8. 0-0 0-0 9. Nd4 d5 10. cxd5 Nxd5 11. f4 Nxc3 12. bxc3 Nd7 13. Qd2 Nf6 14. Bf3 Qe7 15. Re1 Ne4 16. Bxe4 Qxe4 17. Ba3 Re8 18. Rac1 b6 19. c4 Bb7 20. Qf2 c5 21. Nb5 Rad8 22. Rcd1 Qc6 23. Bb2 a6 24. Bxg7 Kxg7 25. Nc3 Qe6 26. Rxd8 Rxd8 27. Qe2 Kg8 28. Rd1 Re8 29. Kf2 Qf6 1/2-1/2

[Event "Bialystok Zamenhof Memorial-B 36th"]
[Site "Bialystok"]
[Date "2017.12.28"]
[Round "3"]
[White "Mammadov, Vafa"]
[Black "Walkusz, Witoslaw"]
[Result "1-0"]
[WhiteElo "2009"]
[BlackElo "2191"]
[PlyCount "69"]
[EventDate "2017.12.27"]
[EventType "swiss"]
[EventRounds "9"]
[EventCountry "POL"]
[SourceTitle "CBM 182 Extra"]
[Source "ChessBase"]
[SourceDate "2018.02.23"]
[SourceVersion "1"]
[SourceVersionDate "2018.02.23"]
[SourceQuality "1"]

1. c4 f5 2. Nc3 Nf6 3. g3 g6 4. Bg2 Bg7 5. d4 d6 6. Nh3 0-0 7. 0-0 Qe8 8. Nf4 c6 9. d5 Bd7 10. Qb3 Qc8 11. c5 Kh8 12. cxd6 exd6 13. dxc6 bxc6 14. Qa3 d5 15. Nd3 Re8 16. e3 Qa6 17. Na4 Ne4 18. f3 Bf8 19. b4 Nd6 20. Ndc5 Qc8 21. Bb2+ Bg7 22. Bxg7+ Kxg7 23. Qd3 Be6 24. e4 Nb5 25. Nxe6+ Qxe6 26. exd5 Qxd5 27. Qxd5 cxd5 28. f4 Nd7 29. Bxd5 Rac8 30. Rac1 Nd4 31. Rxc8 Rxc8 32. Rd1 Ne2+ 33. Kf1 Nc3 34. Rc1 Nb6 35. Rxc3 1-0

[Event "Bialystok Zamenhof Memorial-B 36th"]
[Site "Bialystok"]
[Date "2017.12.27"]
[Round "2"]
[White "Shilov, Sergej"]
[Black "Mammadov, Vafa"]
[Result "0-1"]
[WhiteElo "2153"]
[BlackElo "2009"]
[PlyCount "114"]
[EventDate "2017.12.27"]
[EventType "swiss"]
[EventRounds "9"]
[EventCountry "POL"]
[SourceTitle "CBM 182 Extra"]
[Source "ChessBase"]
[SourceDate "2018.02.23"]
[SourceVersion "1"]
[SourceVersionDate "2018.02.23"]
[SourceQuality "1"]

1. e4 c5 2. f4 Nc6 3. Nf3 g6 4. Bc4 Bg7 5. 0-0 e6 6. Nc3 Nge7 7. Qe1 0-0 8. d3 d5 9. Bb3 a6 10. f5 dxe4 11. f6 Bxf6 12. Nxe4 Bg7 13. Nxc5 Nd4 14. Ne4 Nef5 15. Kh1 Nxf3 16. Rxf3 Nd4 17. Rf1 f5 18. Ng5 Qe8 19. Bd2 Nxb3 20. axb3 Bd7 21. Bb4 Rf6 22. Bc3 Rf8 23. Bxg7 Kxg7 24. Qe5+ Kg8 25. Rae1 Qe7 26. Nf3 Rfe8 27. Qf4 Rad8 28. Re5 Rc8 29. c3 Rc5 30. Rfe1 Rxe5 31. Rxe5 Qd6 32. d4 Bc6 33. Kg1 Bxf3 34. Qxf3 Re7 35. b4 Kf7 36. Qf4 Qd7 37. h4 Qa4 38. Qd2 Qc6 39. h5 gxh5 40. Qg5 Ke8 41. d5 Qd6 42. dxe6 Rxe6 43. Qg8+ Kd7 44. Qf7+ Qe7 45. Qxf5 Kd6 46. Rd5+ Kc6 47. Rc5+ Kb6 48. Qf2 Re1+ 49. Kh2 Qe3 50. Qxe3 Rxe3 51. Rxh5 Re2 52. Rxh7 Rxb2 53. Rh3 Kb5 54. Rh7 b6 55. Rc7 Rc2 56. Kg1 a5 57. bxa5 bxa5 0-1

[Event "Rubinstein Memorial-A 53rd"]
[Site "Polanica Zdroj"]
[Date "2017.08.21"]
[Round "3"]
[White "Mammadov, Vafa"]
[Black "Goluch, Piotr"]
[Result "0-1"]
[WhiteElo "2066"]
[BlackElo "2360"]
[PlyCount "82"]
[EventDate "2017.08.19"]
[EventType "swiss"]
[EventRounds "9"]
[EventCountry "POL"]
[SourceTitle "CBM 180 Extra"]
[Source "ChessBase"]
[SourceDate "2017.10.06"]
[SourceVersion "1"]
[SourceVersionDate "2017.10.06"]
[SourceQuality "1"]

1. c4 Nf6 2. g3 g6 3. Bg2 Bg7 4. e4 0-0 5. Ne2 Nc6 6. 0-0 e5 7. d3 a6 8. Nbc3 b5 9. h3 Rb8 10. cxb5 axb5 11. Bg5 h6 12. Be3 d6 13. Qd2 Kh7 14. Rac1 Bd7 15. f4 exf4 16. gxf4 Ne7 17. Ng3 b4 18. Nce2 Bb5 19. Nd4 Ba6 20. f5 Qd7 21. fxg6+ fxg6 22. Rf2 c5 23. Nf3 Qe6 24. b3 Nd7 25. d4 cxd4 26. Nxd4 Qe5 27. Nde2 Rxf2 28. Bxf2 Qf6 29. Bd4 Ne5 30. Rf1 Qe6 31. Nf4 Qd7 32. Nfe2 N7c6 33. Be3 Qe7 34. Qd5 Bd3 35. Rd1 Rb5 36. Rxd3 Rxd5 37. Rxd5 h5 38. Rd1 Bh6 39. Bxh6 Kxh6 40. Nd4 Nxd4 41. Rxd4 Qa7 0-1

[Event "Bialystok Zamenhof Memorial 35th"]
[Site "Bialystok"]
[Date "2016.12.30"]
[Round "8"]
[White "Wojtaszewski, Piotr"]
[Black "Mammadov, Vafa"]
[Result "1/2-1/2"]
[WhiteElo "1995"]
[BlackElo "2151"]
[PlyCount "80"]
[EventDate "2016.12.27"]
[EventType "swiss (rapid)"]
[EventRounds "9"]
[EventCountry "POL"]
[SourceTitle "CBM 176 Extra"]
[Source "ChessBase"]
[SourceDate "2017.03.02"]
[SourceVersion "1"]
[SourceVersionDate "2017.03.02"]
[SourceQuality "1"]

1. e4 c5 2. Nf3 a6 3. g3 d6 4. Bg2 Nc6 5. 0-0 Nf6 6. Re1 g6 7. d3 Bg7 8. Nbd2 0-0 9. Nf1 Rb8 10. c3 b5 11. d4 b4 12. Bf4 Nh5 13. Be3 bxc3 14. bxc3 Qa5 15. Bd2 Qa3 16. e5 dxe5 17. Nxe5 Nxe5 18. dxe5 Rd8 19. Qe2 Bf8 20. Ne3 Be6 21. c4 Ng7 22. Bd5 Nf5 23. Nxf5 Bxf5 24. g4 Be6 25. Bxe6 fxe6 26. Qe3 Rd3 27. Qe2 Rbd8 28. Be3 Bg7 29. Rad1 Rxd1 30. Rxd1 Rxd1+ 31. Qxd1 Qxa2 32. Bxc5 Bf8 33. Qc1 Qe2 34. h3 Bg7 35. Bxe7 Bxe5 36. c5 Qd3 37. Qg5 Qd1+ 38. Kg2 Qd5+ 39. Kg1 Kf7 40. Qh4 Qd1+ 1/2-1/2

[Event "Bialystok Zamenhof Memorial 35th"]
[Site "Bialystok"]
[Date "2016.12.28"]
[Round "3"]
[White "Mammadov, Vafa"]
[Black "Kultiyasov, Mikhail"]
[Result "0-1"]
[WhiteElo "2151"]
[BlackElo "2273"]
[PlyCount "78"]
[EventDate "2016.12.27"]
[EventType "swiss (rapid)"]
[EventRounds "9"]
[EventCountry "POL"]
[SourceTitle "CBM 176 Extra"]
[Source "ChessBase"]
[SourceDate "2017.03.02"]
[SourceVersion "1"]
[SourceVersionDate "2017.03.02"]
[SourceQuality "1"]

1. c4 Nf6 2. Nc3 g6 3. g3 d5 4. cxd5 Nxd5 5. e4 Nb4 6. d4 Qxd4 7. Bf4 Qxd1+ 8. Rxd1 c6 9. a3 N4a6 10. Be5 f6 11. Bf4 e5 12. Be3 Bc5 13. Bh6 Kf7 14. Nf3 Be6 15. Be2 Nd7 16. g4 Rhd8 17. g5 Bf8 18. Bxf8 Nxf8 19. gxf6 Kxf6 20. Bxa6 bxa6 21. Ke2 Bb3 22. Rxd8 Rxd8 23. Nd2 Bf7 24. Ke3 Ne6 25. Nf3 Nd4 26. Nd2 Ne6 27. Nf3 Nf4 28. Ne1 c5 29. Ne2 Nxe2 30. Kxe2 Rb8 31. Nd3 c4 32. Nb4 a5 33. Nd5+ Bxd5 34. exd5 Rxb2+ 35. Ke3 Rb3+ 36. Ke4 Rd3 37. Rc1 Rd4+ 38. Ke3 Ke7 39. Rb1 Kd6 0-1

[Event "Memorial Tadeusz Sadowski"]
[Site "Lomza"]
[Date "2011.03.13"]
[Round "5.1"]
[White "Szwajkowski, Patryk"]
[Black "Mammadov, Vafa"]
[Result "0-1"]
[WhiteElo "1556"]
[BlackElo "2132"]
[PlyCount "54"]
[EventDate "2011.03.12"]
[EventType "swiss"]
[EventRounds "5"]
[EventCountry "POL"]
[SourceTitle "EXT 2023"]
[Source "ChessBase"]
[SourceDate "2022.10.05"]
[SourceVersion "1"]
[SourceVersionDate "2022.10.05"]
[SourceQuality "1"]

1. e4 c5 2. Nf3 e6 3. d4 cxd4 4. Nxd4 a6 5. Bd3 d6 6. c4 Nf6 7. Nc3 Be7 8. 0-0 0-0 9. Nb3 Nc6 10. f4 Bd7 11. Re1 Qc7 12. g4 Na5 13. Nxa5 Qxa5 14. f5 d5 15. cxd5 Bc5+ 16. Kg2 exd5 17. e5 d4 18. Ne4 Nxe4 19. Bxe4 Bb4 20. Re2 d3 21. Bxd3 Qd5+ 22. Re4 Bc6 23. Qe2 Rad8 24. Bc2 Qxe5 25. a3 Bc5 26. Kf3 Rfe8 27. Bf4 Qxb2 0-1

[Event "Lomza op"]
[Site "Lomza"]
[Date "2010.08.28"]
[Round "3.2"]
[White "Mammadov, Vafa"]
[Black "Kotarski, Grzegorz"]
[Result "1-0"]
[WhiteElo "2141"]
[BlackElo "1586"]
[PlyCount "117"]
[EventDate "2010.08.24"]
[EventType "swiss"]
[EventRounds "9"]
[EventCountry "POL"]
[SourceTitle "EXT 2023"]
[Source "ChessBase"]
[SourceDate "2022.10.05"]
[SourceVersion "1"]
[SourceVersionDate "2022.10.05"]
[SourceQuality "1"]

1. Nf3 c5 2. b3 Nf6 3. Bb2 d5 4. e3 Nc6 5. Bb5 Bd7 6. Bxc6 Bxc6 7. Ne5 Qc7 8. 0-0 e6 9. f4 Be7 10. d3 Rd8 11. Nd2 d4 12. e4 0-0 13. Rf3 Nh5 14. g4 Nf6 15. Rh3 Nd7 16. Nxc6 bxc6 17. Qf3 f6 18. Rf1 Rf7 19. e5 f5 20. Bc1 Rdf8 21. gxf5 Rxf5 22. Qg4 g6 23. Nf3 Qd8 24. Bd2 R8f7 25. Rg3 Rg7 26. Rg2 Qe8 27. Ba5 Qf7 28. Nd2 h5 29. Qg3 g5 30. fxg5 Rgxg5 31. Rxf5 Qxf5 32. Qf3 Nxe5 33. Qxf5 Rxg2+ 34. Kxg2 exf5 35. Nf3 Nxf3 36. Kxf3 Kg7 37. Kf4 Kf6 38. Bc7 Bf8 39. Be5+ Kg6 40. Bb8 Bh6+ 41. Kf3 a6 42. Bd6 Be3 43. Bxc5 f4 44. h3 Kf5 45. a4 Ke5 46. Bb6 Kd5 47. Bc7 Kc5 48. Bxf4 Bxf4 49. Kxf4 Kb4 50. Ke4 Kc3 51. b4 Kxb4 52. Kxd4 c5+ 53. Kd5 a5 54. h4 Kxa4 55. Kxc5 Ka3 56. d4 Kb2 57. Kb5 Kc3 58. d5 a4 59. Kxa4 1-0

[Event "Lomza op"]
[Site "Lomza"]
[Date "2010.08.28"]
[Round "4.1"]
[White "Mammadov, Vafa"]
[Black "Obiedzinski, Pawel"]
[Result "1/2-1/2"]
[WhiteElo "2141"]
[BlackElo "2033"]
[PlyCount "22"]
[EventDate "2010.08.24"]
[EventType "swiss"]
[EventRounds "9"]
[EventCountry "POL"]
[SourceTitle "EXT 2023"]
[Source "ChessBase"]
[SourceDate "2022.10.05"]
[SourceVersion "1"]
[SourceVersionDate "2022.10.05"]
[SourceQuality "1"]

1. Nf3 d5 2. b3 Bg4 3. Ne5 Bh5 4. d4 e6 5. g4 Bg6 6. Nxg6 hxg6 7. Bf4 Bd6 8. Qd2 Nf6 9. f3 c5 10. Bxd6 Qxd6 11. e3 Nc6 1/2-1/2

[Event "POL-chT 2nd League"]
[Site "Miedzyzdroje"]
[Date "2009.09.20"]
[Round "9"]
[White "Gryniakow, Jaroslaw"]
[Black "Mammadov, Vafa"]
[Result "1-0"]
[WhiteElo "2215"]
[BlackElo "2116"]
[PlyCount "33"]
[EventDate "2009.09.12"]
[EventType "team-swiss"]
[EventRounds "9"]
[EventCountry "POL"]
[SourceTitle "EXT 2019"]
[Source "ChessBase"]
[SourceDate "2018.10.10"]
[SourceVersion "1"]
[SourceVersionDate "2018.10.10"]
[SourceQuality "1"]
[WhiteTeam "Torun Torfarm 64"]
[BlackTeam "Lomza Devo Maraton"]
[WhiteTeamCountry "POL"]
[BlackTeamCountry "POL"]

1. d4 c5 2. d5 e5 3. e4 d6 4. Nc3 Nf6 5. f4 exf4 6. Bxf4 Be7 7. Be2 0-0 8. Nf3 Nbd7 9. 0-0 a6 10. e5 dxe5 11. Nxe5 Nxe5 12. Bxe5 Nd7 13. Bf3 Bh4 14. Bd6 Be7 15. Bf4 f5 16. d6 Bg5 17. Nd5 1-0

[Event "POL-chT 2nd League"]
[Site "Miedzyzdroje"]
[Date "2009.09.18"]
[Round "7"]
[White "Urbanski, Grzegorz"]
[Black "Mammadov, Vafa"]
[Result "1/2-1/2"]
[WhiteElo "2207"]
[BlackElo "2116"]
[PlyCount "51"]
[EventDate "2009.09.12"]
[EventType "team-swiss"]
[EventRounds "9"]
[EventCountry "POL"]
[SourceTitle "EXT 2019"]
[Source "ChessBase"]
[SourceDate "2018.10.10"]
[SourceVersion "1"]
[SourceVersionDate "2018.10.10"]
[SourceQuality "1"]
[WhiteTeam "Mikolow AKS"]
[BlackTeam "Lomza Devo Maraton"]
[WhiteTeamCountry "POL"]
[BlackTeamCountry "POL"]

1. e4 c5 2. Nf3 Nf6 3. Nc3 Nc6 4. Bb5 a6 5. Bxc6 dxc6 6. h3 g6 7. d3 Bg7 8. Be3 Nd7 9. Qd2 b5 10. Bh6 0-0 11. h4 Nf6 12. h5 Ng4 13. Bxg7 Kxg7 14. 0-0-0 f6 15. hxg6 hxg6 16. Rh4 Rh8 17. Rdh1 Rxh4 18. Rxh4 Kg8 19. b3 Be6 20. e5 g5 21. Rh1 Bd5 22. Qe2 Qd6 23. Nxd5 cxd5 24. d4 c4 25. Nh2 Nxh2 26. Rxh2 1/2-1/2

[Event "POL-chT 2nd League"]
[Site "Miedzyzdroje"]
[Date "2009.09.16"]
[Round "5"]
[White "Kuziola, Mateusz"]
[Black "Mammadov, Vafa"]
[Result "1/2-1/2"]
[WhiteElo "2340"]
[BlackElo "2116"]
[PlyCount "37"]
[EventDate "2009.09.12"]
[EventType "team-swiss"]
[EventRounds "9"]
[EventCountry "POL"]
[SourceTitle "EXT 2019"]
[Source "ChessBase"]
[SourceDate "2018.10.10"]
[SourceVersion "1"]
[SourceVersionDate "2018.10.10"]
[SourceQuality "1"]
[WhiteTeam "Pawlowice GKS Pniowek 74"]
[BlackTeam "Lomza Devo Maraton"]
[WhiteTeamCountry "POL"]
[BlackTeamCountry "POL"]

1. e4 c5 2. g3 Nc6 3. Bg2 g6 4. d3 Bg7 5. f4 d6 6. Nf3 Nf6 7. 0-0 0-0 8. Nc3 Rb8 9. a4 a6 10. h3 b5 11. axb5 axb5 12. g4 b4 13. Ne2 Qb6 14. Be3 Bb7 15. Qe1 Ra8 16. Qh4 b3 17. c3 Ra2 18. Rab1 Qa5 19. Nc1 1/2-1/2

[Event "POL-chT 2nd League"]
[Site "Miedzyzdroje"]
[Date "2009.09.15"]
[Round "4"]
[White "Mammadov, Vafa"]
[Black "Kielbratowski, Aleksander"]
[Result "1/2-1/2"]
[WhiteElo "2116"]
[BlackElo "2120"]
[PlyCount "80"]
[EventDate "2009.09.12"]
[EventType "team-swiss"]
[EventRounds "9"]
[EventCountry "POL"]
[SourceTitle "EXT 2019"]
[Source "ChessBase"]
[SourceDate "2018.10.10"]
[SourceVersion "1"]
[SourceVersionDate "2018.10.10"]
[SourceQuality "1"]
[WhiteTeam "Lomza Devo Maraton"]
[BlackTeam "Lubsko Caissa"]
[WhiteTeamCountry "POL"]
[BlackTeamCountry "POL"]

1. Nf3 d6 2. c4 e5 3. Nc3 f5 4. d3 Nf6 5. g3 g6 6. Bg2 Bg7 7. 0-0 c6 8. Rb1 h6 9. b4 Be6 10. b5 Qc7 11. bxc6 bxc6 12. Ba3 Nbd7 13. Nh4 g5 14. Nf3 0-0 15. Nd2 Rab8 16. Qa4 Rfc8 17. Rxb8 Qxb8 18. Qa5 Bf8 19. Rb1 Qc7 20. Qa6 Nb8 21. Qa4 Nfd7 22. Bb4 Nb6 23. Qa5 N8d7 24. Qa3 Kf7 25. Nb3 Rb8 26. c5 Nc8 27. cxd6 Nxd6 28. Qa4 Rxb4 29. Qxb4 Ne4 30. Qa5 Qxa5 31. Nxa5 Nxc3 32. Rb7 Nxe2+ 33. Kf1 Nd4 34. Nxc6 Nxc6 35. Bxc6 Ke7 36. Rxa7 Kd6 37. Bb5 Nc5 38. a4 Bd5 39. a5 e4 40. d4 Ne6 1/2-1/2

[Event "POL-chT 2nd League"]
[Site "Miedzyzdroje"]
[Date "2009.09.12"]
[Round "1"]
[White "Markiewicz, Jacek"]
[Black "Mammadov, Vafa"]
[Result "1/2-1/2"]
[WhiteElo "2322"]
[BlackElo "2116"]
[PlyCount "42"]
[EventDate "2009.09.12"]
[EventType "team-swiss"]
[EventRounds "9"]
[EventCountry "POL"]
[SourceTitle "EXT 2019"]
[Source "ChessBase"]
[SourceDate "2018.10.10"]
[SourceVersion "1"]
[SourceVersionDate "2018.10.10"]
[SourceQuality "1"]
[WhiteTeam "Chrzanow UKS SP 8 U19"]
[BlackTeam "Lomza Devo Maraton"]
[WhiteTeamCountry "POL"]
[BlackTeamCountry "POL"]

1. e4 c5 2. Nf3 Nf6 3. e5 Nd5 4. Nc3 e6 5. Nxd5 exd5 6. d4 Nc6 7. dxc5 Bxc5 8. Bd3 h6 9. 0-0 0-0 10. Re1 d6 11. exd6 Qxd6 12. Be3 Bg4 13. h3 Bh5 14. Bxc5 Qxc5 15. g4 Bg6 16. c3 Bxd3 17. Qxd3 Rad8 18. Rad1 Qc4 19. b3 Qf4 20. Qf5 Qxf5 21. gxf5 Rd6 1/2-1/2

[Event "POL-chT 1st League"]
[Site "Ustron"]
[Date "2003.09.11"]
[Round "6"]
[White "Gralka, Julian"]
[Black "Mammadov, Vafa"]
[Result "1-0"]
[WhiteElo "2283"]
[BlackElo "2200"]
[PlyCount "59"]
[EventDate "2003.09.06"]
[EventType "team-tourn"]
[EventRounds "9"]
[EventCountry "POL"]
[SourceTitle "EXT 2005"]
[Source "ChessBase"]
[SourceDate "2004.11.15"]
[SourceVersion "1"]
[SourceVersionDate "2004.11.15"]
[SourceQuality "1"]
[WhiteTeam "Bydgoszcz Chemik"]
[BlackTeam "Lomza Devo Maraton"]
[WhiteTeamCountry "POL"]
[BlackTeamCountry "POL"]

1. d4 d5 2. c4 c6 3. Nf3 e6 4. Nc3 dxc4 5. a4 Bb4 6. e3 b5 7. Bd2 a5 8. axb5 Bxc3 9. Bxc3 cxb5 10. b3 Bb7 11. bxc4 b4 12. Bb2 Nf6 13. Bd3 0-0 14. 0-0 Nbd7 15. Re1 Ne4 16. Qc2 f5 17. c5 Bd5 18. Rec1 Qc7 19. c6 Nb6 20. Ne5 a4 21. f3 Bb3 22. Qe2 Nf6 23. Rab1 Ba2 24. Ra1 Bd5 25. e4 a3 26. exd5 axb2 27. Qxb2 Nfxd5 28. Qb3 Qd6 29. Bf1 Nc3 30. Rxa8 1-0

[Event "POL-chT 1st League"]
[Site "Ustron"]
[Date "2003.09.06"]
[Round "1"]
[White "Przedmojski, Rafal"]
[Black "Mammadov, Vafa"]
[Result "1-0"]
[WhiteElo "2407"]
[BlackElo "2200"]
[PlyCount "41"]
[EventDate "2003.09.06"]
[EventType "team-tourn"]
[EventRounds "9"]
[EventCountry "POL"]
[SourceTitle "EXT 2005"]
[Source "ChessBase"]
[SourceDate "2004.11.15"]
[SourceVersion "1"]
[SourceVersionDate "2004.11.15"]
[SourceQuality "1"]
[WhiteTeam "Warszawa AZS UW"]
[BlackTeam "Lomza Devo Maraton"]
[WhiteTeamCountry "POL"]
[BlackTeamCountry "POL"]

1. d4 c5 2. d5 e5 3. e4 d6 4. Bb5+ Nd7 5. a4 Ngf6 6. Nc3 Be7 7. Nf3 0-0 8. 0-0 Ne8 9. Re1 g6 10. a5 a6 11. Bf1 f5 12. Ra3 f4 13. Nd2 Nef6 14. Nc4 g5 15. Na4 Rf7 16. c3 g4 17. g3 fxg3 18. hxg3 h5 19. b4 cxb4 20. cxb4 Nf8 21. Nab6 1-0